Managerial Economics (Record no. 5356)
[ view plain ]
| 000 -LEADER | |
|---|---|
| fixed length control field | 00342nam a2200145Ia 4500 |
| 008 - FIXED-LENGTH DATA ELEMENTS--GENERAL INFORMATION | |
| fixed length control field | 191201s2011 xx 000 0 und d |
| 082 ## - DEWEY DECIMAL CLASSIFICATION NUMBER | |
| Classification number | 658.15 |
| Item number | DWM |
| 100 ## - MAIN ENTRY--PERSONAL NAME | |
| Personal name | DWIVEDI, D.N |
| 245 #0 - TITLE STATEMENT | |
| Title | Managerial Economics |
| 250 ## - EDITION STATEMENT | |
| Edition statement | Rep |
| 260 ## - PUBLICATION, DISTRIBUTION, ETC. (IMPRINT) | |
| Place of publication, distribution, etc | N.Delhi |
| Name of publisher, distributor, etc | Vikas Publication House |
| Date of publication, distribution, etc | 2011 |
| 300 ## - PHYSICAL DESCRIPTION | |
| Extent | 704 |
| 650 ## - SUBJECT ADDED ENTRY--TOPICAL TERM | |
| Topical term or geographic name as entry element | MBA |
| 942 ## - ADDED ENTRY ELEMENTS (KOHA) | |
| Source of classification or shelving scheme | Dewey Decimal Classification |
| Koha item type | Text Books |
| 942 ## - ADDED ENTRY ELEMENTS (KOHA) | |
| -- | 2 |
| Withdrawn status | Lost status | Source of classification or shelving scheme | Damaged status | Not for loan | Collection code | Home library | Current library | Date acquired | Source of acquisition | Cost, normal purchase price | Bill Number | Total Checkouts | Full call number | Acc. no. / Barcode | Date last seen | Bill Date | Koha item type | Date last borrowed |
|---|---|---|---|---|---|---|---|---|---|---|---|---|---|---|---|---|---|---|
| Dewey Decimal Classification | MBA | PIET C-LIBRARY | PIET C-LIBRARY | 11/07/2012 | IBH, New Delhi | 395.00 | 4894 | 658.15 DWM | 20059 | 04/12/2019 | 04/07/2012 | Text Books | ||||||
| Dewey Decimal Classification | MBA | PIET C-LIBRARY | PIET C-LIBRARY | 11/07/2012 | IBH, New Delhi | 395.00 | 4894 | 1 | 658.15 DWM | 20060 | 24/02/2021 | 04/07/2012 | Text Books | 09/02/2021 | ||||
| Dewey Decimal Classification | MBA | PIET C-LIBRARY | PIET C-LIBRARY | 11/07/2012 | IBH, New Delhi | 395.00 | 4894 | 658.15 DWM | 20061 | 04/12/2019 | 04/07/2012 | Text Books | ||||||
| Dewey Decimal Classification | MBA | PIET C-LIBRARY | PIET C-LIBRARY | 11/07/2012 | IBH, New Delhi | 395.00 | 4894 | 658.15 DWM | 20062 | 04/12/2019 | 04/07/2012 | Text Books | ||||||
| Dewey Decimal Classification | MBA | PIET C-LIBRARY | PIET C-LIBRARY | 11/07/2012 | IBH, New Delhi | 395.00 | 4894 | 1 | 658.15 DWM | 20063 | 14/11/2022 | 04/07/2012 | Text Books | 29/10/2022 | ||||
| Dewey Decimal Classification | MBA | PIET C-LIBRARY | PIET C-LIBRARY | 11/07/2012 | IBH, New Delhi | 395.00 | 4894 | 658.15 DWM | 20064 | 04/12/2019 | 04/07/2012 | Text Books | ||||||
| Dewey Decimal Classification | MBA | PIET C-LIBRARY | PIET C-LIBRARY | 11/07/2012 | IBH, New Delhi | 395.00 | 4894 | 658.15 DWM | 20065 | 04/12/2019 | 04/07/2012 | Text Books |